00840nam a2200253Ia 450000500170000000800410001702000190005808200180007710000170009524500730011225000190018530000510020449000440025553400280029965000370032765000310036470000180039570000200041326400300043333600270046333700330049033800280052304000350055120220317001141.0160825s2007 sp a g 000 0 spa  a9788426127501204a567.91 bA43d1 aAlikid1929-14aLos dinosaurios son diferentescAliki ; traducido por Herminia Dauer a5a. edición  a32 páginas bilustraciones en color c18 cm  aLibros de ciencia para leer y descubrir tDinosaurs are different142LEMBaDinosaurios xEnseñanza 142LEMB aReptiles fósiles 1 aAliki, 1929- 1 aDauer, Herminia aBarcelonabJuventudc2007 atextobtxt2rdacontent asin mediaciónbn2rdamedia avolumenbnc2rdacarrier aCO-BoRNBPbspaerdacCO-BoRNBP